000
00328 a2200109 4500
001
ART_43251
005
20260410161738.0
008
260409a
245
1
0
_a
Portafolio de negocios, modelo para armar
100
1
_a
Levy, Alberto R.
773
0
_t
Ejecutivos de finanzas
_g
- Año 7, Nº 58 (ago. 1989)
_w
REV2863
999
_c
18451
_d
18451